| 000 | 00393nam a22001457a 4500 | ||
|---|---|---|---|
| 008 | 210427b ||||| |||| 00| 0 eng d | ||
| 020 | _a2900132974409 | ||
| 041 | _aeng | ||
| 080 |
_210th _a331.101.262 |
||
| 082 | _a331.101.262 | ||
| 100 | _a52 | ||
| 101 | _aBNJ | ||
| 245 |
_aHuman Relations for Career & Personal Success Concepts, Applications, and Skills _cDuBrin,A.J |
||
| 942 |
_2udc _cBK |
||
| 999 |
_c56805 _d56805 |
||